| 000 | 00776nam a2200157Ia 4500 | ||
|---|---|---|---|
| 008 | 150609s9999 xx 000 0 und d | ||
| 050 |
_aBF 432.5.C64 _b.B363 2014 |
||
| 100 | _aBanaban, Ann Erika. | ||
| 245 |
_aGrit factor and its correlation to cognitive achievement, clinical performance and professional aptitude among fourth year nursing students of Southville international school and colleges / _cAnn Erika Banaban, Daniel Cabacoy, Katrina Catig, Alexandra Del Rosario, and Aries Ercia. |
||
| 260 |
_aLas PiƱas, Philippines : _bSISC, _c2014. |
||
| 300 |
_a55 pages : _billustrations ; _c28 cm. |
||
| 500 | _aIncludes bibliographical references and appendices. | ||
| 650 | _aClinical Performance | ||
| 650 | _aCognitive Achievement | ||
| 650 | _aProfessional Aptitude | ||
| 999 |
_c285005 _d285005 |
||